Docn̊cia (in)digna o meio ambiente laboral do professor e as consequn̊cias em seus direitos da personalidade 2014

Detalles Bibliográficos
Autor principal: Messias da Silva, Leda Maria
Otros Autores: Pereira, Marice Taques
Formato: eBook
Lenguaje:portugués
Publicado: San Pablo: LTR Editora, 2014
Materias:
Acceso en línea:Acceso restringido

MARC

LEADER 00000nam a22000007a 4500
005 20150529201315.0
007 cr|||| ||||
008 150529s2014 br |||||s|||| 00||0 por d
020 |a 978-85-361-2899-3 
035 |a 12715 
040 |a vLex 
090 |c 5451  |d 5451 
100 1 |a Messias da Silva, Leda Maria 
245 1 0 |a Docn̊cia (in)digna o meio ambiente laboral do professor e as consequn̊cias em seus direitos da personalidade 2014  |h [Recurso electrn̤ico] /  |c Leda Maria Messias da Silva, Marice Taques Pereira 
256 |a Servicio en ln̕ea 
260 |a San Pablo:  |b LTR Editora,  |c 2014 
300 |a 1 recurso electrn̤ico 
500 |a As autoras desta obra possuem mais de dez anos de docn̊cia universitr̀ia, na qual ambas ministram a disciplina Direito do Trabalho. Elas decidiram abordar a dignidade do professor no seu ofc̕io, em razô de inm︢eros questionamentos de colegas de profissô sobre os direitos trabalhistas da categoria. A obra versa sobre uma faceta do Direito do Trabalho pouco tratada por autores da r̀ea trabalhista, porm̌, de extrema relevńcia para o labor do professor e as consequn̊cias de sua dedicaȯ̂ ̉atividade docente em ambiente laboral.  A intenȯ̂ das autoras foi a de alertar sobre o descaso do meio ambiente do trabalho que causa lese̳s aos direitos da personalidade do professor ignoradas pelos legisladores, instituiė̳s de ensino e por outras entidades que fiscalizam a atividade docente. As autoras pretendem fomentar o debate em torno das condiė̳s legais, materiais, econm̥icas, fs̕icas, psq̕uicas e sociais que envolvem o trabalho docente e alertar para que o professor nunca deixe de lutar pelos seus direitos. Este livro envolve reportagens, decise̳s dos tribunais, atuaė̳s de sindicatos e as recomendaė̳s da Organizaȯ̂ Internacional do Trabalho com o objetivo de apontar os desvios e as medidas preventivas a serem adotadas pela sociedade constitud̕a de forma organizada.  
506 1 |a Disponible solo en los productos indicados  |d vLex Global  |d vLex Global (Academic Edition, excluding Law Schools)  |d vLex Global (U.S. Academic Edition, Law Schools)  |d vLex Global (U.S. Academic Edition, excluding Law Schools)  |d vLex Global (Academic Edition, Law Schools) 
650 0 4 |a Derecho Laboral y Seguridad Social  |z Brasil 
700 1 |a Pereira, Marice Taques 
740 0 |a vLex Libros (Servicio en ln̕ea) 
856 4 0 |u http://vlex.com/source/doc-ncia-in-digna-o-meio-ambiente-laboral-do-professor-e-as-consequ-ncias-em-seus-direitos-da-personalidade-2014-12715  |z Acceso restringido 
942 |c BOOK 
999 0 |a Labor and Social Security